| 000 | 00721nam a2200205 a 4500 | ||
|---|---|---|---|
| 001 | 954 | ||
| 003 | CDMR | ||
| 005 | 20131112130411.0 | ||
| 008 | 130130s1969||||||||||||||||||||||||||||d | ||
| 040 |
_aCDMR _bcat _cCDMR |
||
| 100 | 1 |
_aOgilvy-Webb, Marjorie _9743 |
|
| 245 | 1 | 3 |
_aEl gobierno explica _b: los servicios de información en el Estado Británico _cMarjorie Ogilvy-Webb ; prólogo a la edición española por Gabriel elgorriaga |
| 260 |
_aMadrid _c1969 _bEditora Nacional |
||
| 300 |
_a235 p ; _c24 cm |
||
| 490 | 0 |
_aMundo Científico. _aSociología |
|
| 650 | 0 | 4 |
_9744 _aServeis d'informació _zRegne Unit |
| 650 | 0 | 4 |
_93870 _aComunicació en l'administració |
| 700 | 1 |
_aElorriaga, Gabriel _epr. _9745 |
|
| 942 |
_cMON _2udc |
||
| 999 |
_c954 _d954 |
||